Responses for Show #2247 - Tuesday, May 17, 1994

Contestants

[<< previous game]

Mark Bartos, a landscape designer originally from McHenry, Illinois

Jan Krause, a homemaker from Nottingham, Pennsylvania

Erhard Konerding, a librarian and instructor from Middletown, Connecticut (whose 1-day cash winnings total $6,002)

[next game >>]

Jeopardy! Round responses

ZOOLOGY
TV TRIVIA
AMERICANA
MYTHS & LEGENDS
4-LETTER FOODS
FRENCH
    $100 7
pollen

Mark
    $100 4
(Jan: What is Deep... Seaquest Deep Space Nine?)
...
(Jan: It's DSV.)
(Alex: DSV, not Deep Space Nine.)

the Seaquest

ErhardJan
    $100 21
the Hatfields

Mark
    $100 11
the Lake

Erhard
    $100 16
pâté

Mark
    $100 1
an eraser

Erhard
    $200 8
(Mark: What is 1?)

3

ErhardMark
    $600 27
Topo Gigio

Jan
    $200 22
a pheasant

Mark
    $200 12
Odin

Erhard
    $200 17
lamb

Jan
    $200 2
a picnic basket

Erhard
    $300 9
squirrels

Erhard
    $300 28
Baretta

Jan
    $300 23
Texas

Mark
    $300 13
Pan

Jan
    $300 18
cake

Mark
    $300 3
(Mark: What is the spinal cord?)
(Alex: Yes.)
(Mark: ZOOLOGY for $100, please.)
(Alex: Nope, nope.)
...
(Alex: The cord is inside the column.)

the spinal column

JanMark
    $400 10
white

Jan
    $400 29
Mister Rogers' Neighborhood

Mark
    $400 24
Maine

Erhard
    $400 14
its face (its head)

Triple Stumper
    $400 19
a crab

Erhard
    $400 5
an umbrella

Erhard
    $500 26
the elephant

Jan
    $500 30
Mission: Impossible

Jan
    $500 25
[ERRATUM: The three streets off E. Railroad Ave. are Damfino (or Damnfino), Damficare, and Damfiwill.]

Florida

Jan
    $500 15
(Mark: Who is Mercury?)
...
(Alex: Greek messenger god, not Roman.)

Hermes

JanMark
    $500 20
kale

Mark
    $500 6
Parlez-vous anglais ?

Mark

Scores at the first commercial break (after clue 15):

Erhard Jan Mark
$1,600 $1,400 -$400

Scores at the end of the Jeopardy! Round:

Erhard Jan Mark
$2,400 $4,000 $1,500

Double Jeopardy! Round responses

EMPIRES
FABRICS
MUSIC
SEAS
POLITICIANS
SHAKESPEAREAN "T" TIME
(Alex: Each correct response will begin with that letter of the alphabet.)
    $200 6
the British Empire

Erhard
    $200 9
silk

Mark
    $200 22
a bagpipe

Erhard
    $200 12
the Caribbean

Mark
    $200 17
John Glenn

Mark
    $200 1
[Erhard omitted the leading article.]

The Taming of the Shrew

Erhard
    $400 7
the Mongol Empire

Erhard
    $400 18
Ireland

Mark
    $400 23
(Jan: Who is uh, Bach?)

Brahms

JanMark
    $400 13
the Red Sea

Jan
    $400 27
Estes Kefauver

Jan
    $400 2
Thisbe

Erhard
    $600 8
the Holy Roman Empire

Jan
    $600 19
velour

Mark
    $600 24
a harpsichord

Mark
    $600 14
the Adriatic

Mark
    $2,800 28
(Jan: Oh, dear. Who is Tip O'Neill?)

Jim Wright

Jan
    $600 3
The Tempest

Mark
    $800 10
Byzantium

Mark
    $1,700 20
percale

Mark
    $800 25
Victor Herbert

Mark
    $800 15
(Mark: What is the Mediterranean?)

the North Sea

ErhardMark
    $800 29
Fremont

Erhard
    $800 4
Two Gentlemen of Verona

Jan
    $1000 11
the Incan Empire

Jan
    $1000 21
rayon

Jan
    $1000 26
Humperdinck

Mark
    $1000 16
(Mark: What is the Black Sea?)
(Jan: What is the Caspian Sea?)

the Baltic Sea

ErhardJanMark
    $1000 30
Corley

Jan
    $1000 5
Tybalt

Mark

Scores at the end of the Double Jeopardy! Round:

Erhard Jan Mark
$6,400 $5,000 $8,800

[wagering suggestions for these scores]

Final Jeopardy! Round responses

ARCHITECTURE
JanWhat are kibutzes?
$0
ErhardWhat are Habitat?
$4,000
MarkWhat are Habitats
$4,001
Habitats

Final scores:

Erhard Jan Mark
$10,400 $5,000 $12,801
2nd place: trip to Honolulu, Hawaii 3rd place: Piel leather garment bag + leather executive overnight bag New champion: $12,801

Game dynamics:

Coryat scores:

Erhard Jan Mark
$6,400 $7,400 $7,900
18 R,
0 W
17 R
(including 1 DD),
4 W
(including 1 DD)
23 R
(including 1 DD),
5 W

Combined Coryat: $21,700

[game clues] [game scores] [suggest correction]

Game tape date: 1994-01-19
The J! Archive is created by fans, for fans. Scraping, republication, monetization, and malicious use prohibited; this site may use cookies and collect identifying information. See terms. The Jeopardy! game show and all elements thereof, including but not limited to copyright and trademark thereto, are the property of Jeopardy Productions, Inc. and are protected under law. This website is not affiliated with, sponsored by, or operated by Jeopardy Productions, Inc. Join the discussion at JBoard.tv.